Slovenské kúpeľníctvo v 20. storočí

Enregistré dans:
Détails bibliographiques
Auteur principal: Eliašová, Darina
Collectivité auteur: Ekonomická univerzita v Bratislave. Obchodná fakulta
Autres auteurs: Gúčik, Marián, Pachingerová, Mária
Format: Livre
Langue:slovaque
Publié: Bratislava Vydavateľstvo EKONÓM 2009
Sujets:
Tags: Ajouter un tag
Pas de tags, Soyez le premier à ajouter un tag!

MARC

LEADER 00000nam$a2200000$$$4500
001 0108797
005 20240502072211.8
020 |a 978-80-225-2887-0 
041 0 |a slo 
044 |a SK 
245 1 0 |a Slovenské kúpeľníctvo v 20. storočí  |c Darina Eliašová 
264 1 |a Bratislava  |b Vydavateľstvo EKONÓM  |c 2009 
300 |a 201 s. [14,250 AH] 
610 2 0 |a kúpeľníctvo 
610 2 0 |a kúpele 
610 2 0 |a Slovensko 
610 2 0 |a história 
100 1 |a Eliašová, Darina 
700 1 |a Gúčik, Marián 
700 1 |a Pachingerová, Mária 
710 2 |a Ekonomická univerzita v Bratislave. Obchodná fakulta